Writing letters

Αποθηκεύτηκε σε:
Λεπτομέρειες βιβλιογραφικής εγγραφής
Κύριος συγγραφέας: Burton, Samuel H.
Μορφή: Βιβλίο
Γλώσσα:English
Δημοσίευση: Harlow : Longman, 1983
Σειρά:Longman english guides
Θέματα:
Ετικέτες: Προσθήκη ετικέτας
Δεν υπάρχουν, Καταχωρήστε ετικέτα πρώτοι!

MARC

LEADER 00000nam a2200000 i 4500
001 1/39930
008 941103s1983 eng d
020 |a 0582250544 
035 |l 10041129 
040 |a GR-MY-UA  |b gre  |e aacr 
041 0 |a eng 
082 0 |a 420 
100 1 |a Burton, Samuel H. 
245 1 0 |a Writing letters /  |c S.H. Burton 
260 |a Harlow :   |b Longman,   |c 1983 
300 |a 59 p.;  |c 15 cm. 
490 1 |a Longman english guides 
650 0 0 |a Letter writing. 
650 0 0 |a English language  |x Readers. 
650 0 0 |a English language  |x Grammar  |x Study and teaching. 
830 0 |a Longman english guides 
852 |a INST  |b SAMOS  |e 19941103  |h 420 BUR  |p 005300001986  |q 005300001986  |t BK  |y 0 
909 |a Σ  |b 009405